| 000 -LEADER |
| fixed length control field |
01740cam a2200301 i 4500 |
| 003 - CONTROL NUMBER IDENTIFIER |
| control field |
OSt |
| 005 - DATE AND TIME OF LATEST TRANSACTION |
| control field |
20240705195910.0 |
| 008 - FIXED-LENGTH DATA ELEMENTS--GENERAL INFORMATION |
| fixed length control field |
230307s2023 sz a b 001 0 eng |
| 016 7# - NATIONAL BIBLIOGRAPHIC AGENCY CONTROL NUMBER |
| Record control number |
1272544540 |
| Source |
DE-101 |
| 020 ## - INTERNATIONAL STANDARD BOOK NUMBER |
| International Standard Book Number |
9783035625639 |
| Qualifying information |
(harcover) |
| 042 ## - AUTHENTICATION CODE |
| Authentication code |
lccopycat |
| 072 #7 - SUBJECT CATEGORY CODE |
| Subject category code |
NA |
| Source |
lcco |
| 082 04 - DEWEY DECIMAL CLASSIFICATION NUMBER |
| Classification number |
720 |
| Edition number |
23 |
| 100 1# - MAIN ENTRY--PERSONAL NAME |
| Personal name |
Wong, Liliane, |
| Relator term |
author. |
| 245 10 - TITLE STATEMENT |
| Title |
Adaptive reuse in architecture : |
| Remainder of title |
a typological index / |
| Statement of responsibility, etc |
Liliane Wong. |
| 300 ## - PHYSICAL DESCRIPTION |
| Extent |
255 pages : |
| Other physical details |
illustrations ; |
| Dimensions |
24 cm |
| 504 ## - BIBLIOGRAPHY, ETC. NOTE |
| Bibliography, etc |
Includes bibliographical references (pages 240-242) and index. |
| 505 0# - FORMATTED CONTENTS NOTE |
| Formatted contents note |
Looking back -- Energy -- Manufacturing -- Agriculture -- Transportation -- Religion -- New heritage -- Looking ahead. |
| 520 ## - SUMMARY, ETC. |
| Summary, etc |
"Liliane Wong's latest volume on adaptive reuse in architecture presents 50 spectacular conversion and reuse projects worldwide, including buildings such as the TWA Hotel at NewYork's John F. Kennedy Airport, the CaixaForum in Madrid, and the New Museum in Berlin. The projects are presented using a new classification system that addresses practitioners as well as academics. The author's introductory essay provides a comprehensive overview and historical context for the enormous evolution and expansion of adaptive reuse over the past 50 years."--Publisher. |
| 650 #0 - SUBJECT ADDED ENTRY--TOPICAL TERM |
| Topical term or geographic name as entry element |
Buildings |
| General subdivision |
Remodeling for other use. |
| 650 #0 - SUBJECT ADDED ENTRY--TOPICAL TERM |
| Topical term or geographic name as entry element |
Architecture |
| General subdivision |
History |
| Chronological subdivision |
21st century. |
| 650 #6 - SUBJECT ADDED ENTRY--TOPICAL TERM |
| Topical term or geographic name as entry element |
Appropriation (Architecture) |
| 650 #6 - SUBJECT ADDED ENTRY--TOPICAL TERM |
| Topical term or geographic name as entry element |
Construction |
| General subdivision |
Matériaux |
| -- |
Recyclage. |
| 650 #7 - SUBJECT ADDED ENTRY--TOPICAL TERM |
| Topical term or geographic name as entry element |
Appropriation (Architecture) |
| Source of heading or term |
fast |
| 650 #7 - SUBJECT ADDED ENTRY--TOPICAL TERM |
| Topical term or geographic name as entry element |
Building materials |
| General subdivision |
Recycling |
| Source of heading or term |
fast |
| 776 08 - ADDITIONAL PHYSICAL FORM ENTRY |
| Display text |
ebook version : |
| Main entry heading |
Wong, Liliane. |
| Title |
Adaptive reuse in architecture |
| Place, publisher, and date of publication |
Basel, Switzerland : Birkhäuser, [2023] |
| International Standard Book Number |
9783035625646 |
| 942 ## - ADDED ENTRY ELEMENTS (KOHA) |
| Source of classification or shelving scheme |
|